000 00572nam a2200193 a 4500
005 20140310183401.0
008 121114s19uu xx 00 eng d
020 _a9781412945837
050 _aHM 500
_b.M57 2011
100 _aMitchell, Claudia
245 _aDoing visual research /
_cClaudia Mitchell.
260 _aLos Angeles, Calif. ; London :
_bSAGE,
_c2011.
300 _a216 p. :
_bill. ;
_c26 cm.
500 _aIncludes bibliographical references and index
521 _aMA
650 _aVisual sociology
_xResearch
942 _cBK
_2lcc
_kFOR
999 _c22313
_d22313